000 00453nam a22001817a 4500
003 koha_MIRAKIL
005 20231213095433.0
008 231213b |||||||| |||| 00| 0 ||| d
020 _b9-75494703-1
040 _aTR-IsEVY
_btur
_cTR-IsEVY
082 _a810 BAL/D
100 _aBALIKÇISI, HALİKARNAS.
245 0 _aDENİZİN ÇAĞRISI.
260 _bBİLGİ KİTAPEVİ,
_c2007
300 _a76.
650 _aTürk Edebiyatı.
942 _2ddc
_cBK
999 _c3614
_d3614